| 000 | 00436nam a2200157Ia 4500 | ||
|---|---|---|---|
| 999 |
_c36014 _d36014 |
||
| 003 | OSt | ||
| 005 | 20201215101527.0 | ||
| 008 | 190216s9999||||xx |||||||||||||| ||und|| | ||
| 040 | _coclc | ||
| 082 |
_a920 _bGOR/I |
||
| 100 |
_aGorev, Alexander _97490 |
||
| 245 | 0 |
_aIndira Gandhi / _cAlexander Gorev |
|
| 260 |
_bNevosthri Press, _c1989. _aMoskow: |
||
| 300 | _a56p | ||
| 942 |
_cREF _2ddc _h920 _iGOR/I _k920 _mGOR/I |
||